Normal view MARC view

Entry Topical Term

Number of records used in: 1

001 - CONTROL NUMBER

  • control field: 56943

003 - CONTROL NUMBER IDENTIFIER

  • control field: OSt

005 - DATE AND TIME OF LATEST TRANSACTION

  • control field: 20250926130139.0

008 - FIXED-LENGTH DATA ELEMENTS

  • fixed length control field: 250926|| aca||aabn | a|a d

040 ## - CATALOGING SOURCE

  • Original cataloging agency: OSt
  • Transcribing agency: OSt

150 ## - HEADING--TOPICAL TERM

  • Topical term or geographic name entry element: Artificial intelligence, Public policy, Data driven governance

670 ## - SOURCE DATA FOUND

  • Source citation: Work cat.: (OSt): Jain, Pranjal Jain, Pooja and Jain, Anju 56942, Adaptive AI governance: Strategic frameworks for ethical, inclusive, and equitable policymaking in India

Powered by Koha